|
|
|
|
| LEADER |
00891nam a2200229 a 4500 |
| 001 |
000602984 |
| 003 |
CZ BrMZK |
| 005 |
20170816090649.0 |
| 008 |
020528s1971 xr f ger d |
| 040 |
|
|
|a BOA001
|b cze
|e rda
|
| 100 |
1 |
|
|a Hurt, Rudolf,
|d 1902-1978
|7 jz7500325
|4 aut
|
| 245 |
1 |
4 |
|a Die Funktion des Augustinenklosters unter den Abten Napp und Mendel /
|c Rudolf Hurt
|
| 264 |
|
1 |
|a Brno :
|b Moravian Museum,
|c 1971
|
| 300 |
|
|
|a Strany 227-230
|
| 336 |
|
|
|a text
|b txt
|2 rdacontent
|
| 337 |
|
|
|a bez média
|b n
|2 rdamedia
|
| 338 |
|
|
|a svazek
|b nc
|2 rdacarrier
|
| 787 |
0 |
8 |
|i Separát z:
|t Proceedings of the Gregor Mendel Colloquium
|
| 910 |
|
|
|a BOA001
|b X-0673.309
|b X-0673.310
|
| 990 |
|
|
|a BK
|
| 996 |
6 |
|
|b 2618907380
|c X-0673.310
|l MZK
|r Sklad / do 24 hodin
|n 0
|w 000602984
|u 000020
|a 1
|e BOA001
|j MZK50
|s P
|
| 996 |
6 |
|
|b 2619697446
|c X-0673.309
|l MZK
|r Sklad / do 24 hodin
|n 10
|w 000602984
|u 000010
|a 1
|e BOA001
|j MZK50
|s P
|